000 00518nam a2200205 a 4500
999 _c9433
_d9433
001 9433
003 BD-JhCC
005 20180529114010.0
008 180314s1960 bg |||| |||| 000 0 eng d
035 _a(BD-JhCC)9433
040 _aBD-JhCC
_dBD-JhCC
041 _aeng
082 _a301
_bRAH 1960
245 _aSubstance of social studies /
_cProf. H. Rahman
260 _aDacca:
_bIDEAL PUBLICATIONS,
_c1960.
300 _a104 p.:
_c22 cm.
650 _aSocial Science
942 _2ddc
_cBK